Najpopularniejsze Radia w Polsce - Statystyki

Ogólne statystyki
  • Ten quiz został rozwiązany 901 razy
  • Średni wynik to 8 z 27
Statystyki odpowiedzi
Lp Udział w rynku (marzec 2020) Radio % Poprawnych
1 11,7% RMF FM
91%
5 7,5% ESKA Warszawa
85%
2 11,4% ZET
75%
21 1,1% Radio Maryja ( ͡° ͜ʖ ͡°)
68%
10 3,8% Jedynka
58%
4 8,2% Trójka
58%
20 1,3% Dwójka
50%
17 2,1% RMF MAXXX
50%
8 4,2% Złote Przeboje
44%
6 4,7% VOX FM
32%
11 3,2% Antyradio
27%
14 2,5% Radio Wawa
23%
3 11,3% TOK FM
23%
16 2,1% Plus
22%
7 4,4% RMF Classic
21%
9 4,1% Eska Rock
18%
15 2,5% Meloradio
14%
12 2,5% Radio Pogoda
11%
13 2,5% Rock Radio 103,7 FM
10%
24 0,7% Polskie Radio 24
8%
25 0,7% Radio Warszawa
8%
18 1,9% Kolor 103 FM
7%
23 1,0% Muzo.fm
7%
19 1,6% Chillizet
6%
27 0,6% RDC - Radio dla Ciebie
5%
26 0,6% Wnet
4%
22 1,0% Akademickie Radio Kampus
1%
Nie znaleziono quizów pasujących do podanych kryteriów
Rozkład punktacji
Procent ludzi z każdym wynikiem
Percentyl według liczby udzielonych odpowiedzi
Twoja historia wyników
Nie rozwiązałeś tego quizu